[Event "Winnipeg Kaptsan Memorial"]
[Site "Winnipeg"]
[Date "2018.11.18"]
[Round "4.1"]
[White "Baron, Gustav L"]
[Black "Boron, Anthony"]
[Result "0-1"]
[WhiteElo "2254"]
[BlackElo "2016"]
[PlyCount "127"]
[EventDate "2018.11.17"]
[EventType "swiss"]
[EventRounds "5"]
[EventCountry "CAN"]
[SourceTitle "EXT 2023"]
[Source "ChessBase"]
[SourceDate "2022.10.05"]
[SourceVersion "1"]
[SourceVersionDate "2022.10.05"]
[SourceQuality "1"]

1. e4 e6 2. d4 d5 3. Nd2 dxe4 4. Nxe4 Bd7 5. Nf3 Bc6 6. Bd3 Nd7 7. c3 Ngf6 8. Bg5 Be7 9. Bxf6 Bxf6 10. 0-0 a5 11. Re1 0-0 12. Qe2 g6 13. Rad1 Bg7 14. h4 Nf6 15. Neg5 Bxf3 16. Qxf3 Qd5 17. Qxd5 Nxd5 18. g3 c6 19. Kg2 Rfe8 20. f4 a4 21. a3 b5 22. Kf3 h5 23. Ne4 Reb8 24. Bb1 Bf8 25. Ba2 Kg7 26. Re2 Nf6 27. Ng5 Nd5 28. Rg2 Be7 29. Ne4 Nf6 30. Nf2 Rh8 31. Nd3 Bd6 32. Rgd2 Rac8 33. Nf2 Rc7 34. Nh3 Nd5 35. Ng5 Be7 36. Bxd5 exd5 37. Nh3 Bd6 38. Re2 Rd8 39. Nf2 Re7 40. Rxe7 Bxe7 41. Re1 Kf6 42. g4 Bd6 43. g5+ Kg7 44. Nd1 f6 45. Re6 fxg5 46. fxg5 Rf8+ 47. Kg2 Rd8 48. Nf2 Kf7 49. Rf6+ Kg7 50. Nd3 Rd7 51. Re6 Kf7 52. Rf6+ Kg7 53. Kf3 Rf7 54. Ne5 Rxf6+ 55. gxf6+ Kxf6 56. Nxc6 g5 57. hxg5+ Kxg5 58. Na7 h4 59. Nc8 Bb8 60. Ne7 h3 61. Nxd5 h2 62. Kg2 Kf5 63. Ne7+ Ke4 64. Nc6 0-1

[Event "Winnipeg TNT May op"]
[Site "Winnipeg"]
[Date "2018.05.15"]
[Round "3"]
[White "Konara, Harshani"]
[Black "Boron, Anthony"]
[Result "1/2-1/2"]
[WhiteElo "1948"]
[BlackElo "2024"]
[PlyCount "40"]
[EventDate "2018.05.01"]
[EventType "swiss"]
[EventRounds "5"]
[EventCountry "CAN"]
[SourceTitle "EXT 2022"]
[Source "ChessBase"]
[SourceDate "2021.10.06"]
[SourceVersion "1"]
[SourceVersionDate "2021.10.06"]
[SourceQuality "1"]

1. c4 e5 2. Nc3 Nc6 3. g3 f5 4. d3 Bb4 5. Bd2 Nf6 6. Bg2 0-0 7. e3 Kh8 8. Nge2 d6 9. 0-0 a6 10. Nd5 Bxd2 11. Qxd2 Ne7 12. Nec3 c6 13. Nxe7 Qxe7 14. b4 Be6 15. a4 d5 16. cxd5 Nxd5 17. Nxd5 Bxd5 18. Qc3 Bxg2 19. Kxg2 Qe6 20. Qc4 Qxc4 1/2-1/2

[Event "Manitoba-ch"]
[Site "Winnipeg"]
[Date "2018.03.06"]
[Round "1.1"]
[White "Nones, II Teodulfo"]
[Black "Boron, Anthony"]
[Result "1-0"]
[WhiteElo "2321"]
[BlackElo "2021"]
[PlyCount "112"]
[EventDate "2018.03.06"]
[EventType "swiss"]
[EventRounds "3"]
[EventCountry "CAN"]
[SourceTitle "EXT 2022"]
[Source "ChessBase"]
[SourceDate "2021.10.06"]
[SourceVersion "1"]
[SourceVersionDate "2021.10.06"]
[SourceQuality "1"]

1. e4 e5 2. Nf3 Nc6 3. Bb5 Bb4 4. 0-0 Nge7 5. c3 Ba5 6. d4 exd4 7. Nxd4 0-0 8. Bg5 f6 9. Be3 Bb6 10. Na3 Nxd4 11. Bxd4 Bxd4 12. Qxd4 a6 13. Be2 d6 14. f4 Be6 15. Bf3 Nc6 16. Qd2 Qe8 17. Nc2 Rb8 18. Nd4 Nxd4 19. cxd4 c5 20. Rac1 Qa4 21. b3 Qxd4+ 22. Qxd4 cxd4 23. Rcd1 Rfd8 24. Rxd4 Kf8 25. Rc1 Rd7 26. Kf2 Ke7 27. Ke3 Rbd8 28. Rc2 g6 29. g3 g5 30. b4 h6 31. a3 Bb3 32. Rc3 Be6 33. a4 Rg8 34. a5 g4 35. Bd1 Rdd8 36. Rc7+ Rd7 37. Rc3 Rdd8 38. Rd2 h5 39. Ba4 Rc8 40. Rdc2 Rxc3+ 41. Rxc3 Kd8 42. Kd4 Rg7 43. e5 fxe5+ 44. fxe5 Bd7 45. Bxd7 dxe5+ 46. Kxe5 Rxd7 47. Rc2 Rd1 48. Rc5 Rb1 49. Kd6 Rd1+ 50. Ke6 Re1+ 51. Re5 Rb1 52. Kd6 Rxb4 53. Rxh5 Rd4+ 54. Kc5 Ra4 55. Kb6 Rb4+ 56. Ka7 Rb5 1-0

[Event "Winnipeg Rosenbloom Memorial"]
[Site "Winnipeg"]
[Date "2017.11.21"]
[Round "3"]
[White "Wiebe, Isaac"]
[Black "Boron, Anthony"]
[Result "1-0"]
[WhiteElo "2261"]
[BlackElo "2074"]
[PlyCount "163"]
[EventDate "2017.11.07"]
[EventType "swiss"]
[EventRounds "7"]
[EventCountry "CAN"]
[SourceTitle "EXT 2022"]
[Source "ChessBase"]
[SourceDate "2021.10.06"]
[SourceVersion "1"]
[SourceVersionDate "2021.10.06"]
[SourceQuality "1"]

1. e4 e6 2. d4 d5 3. Nc3 dxe4 4. Nxe4 Bd7 5. Nf3 Bc6 6. Neg5 Bd6 7. Nxf7 Kxf7 8. Ng5+ Ke8 9. Nxe6 Qe7 10. Bc4 Nf6 11. 0-0 b5 12. Bb3 Kd7 13. Re1 Kc8 14. Nc5 Qd8 15. Be6+ Bd7 16. Qf3 Bxc5 17. dxc5 c6 18. Bg5 Bxe6 19. Rxe6 Qd5 20. Qh3 Nfd7 21. Bf4 Qxc5 22. Rd1 Rf8 23. Bg3 Qf5 24. Re8+ Kb7 25. Qxf5 Rxf5 26. Re7 Kb6 27. Rxg7 Nf6 28. Rd8 Rd5 29. Rxd5 cxd5 30. Be5 Nbd7 31. Bd4+ Ka6 32. Rf7 Re8 33. g4 Re4 34. Bxf6 Rxg4+ 35. Kf1 Nxf6 36. Rxf6+ Ka5 37. Rh6 Rg7 38. Rd6 Rg5 39. Rh6 Rg7 40. Rd6 Rg5 41. Rd7 Rh5 42. Rxa7+ Kb6 43. Rd7 Kc6 44. Rd8 Rxh2 45. Rh8 b4 46. Ke2 Rh3 47. Rb8 Rh4 48. a4 bxa3 49. bxa3 Ra4 50. Rb3 Rc4 51. Kd2 Rf4 52. f3 h5 53. Ke2 Rh4 54. Rb4 Rh2+ 55. Kd3 Rf2 56. Rf4 h4 57. Rxh4 Rxf3+ 58. Kd4 Rxa3 59. Rh6+ Kd7 60. Kxd5 Rc3 61. Rh7+ Ke8 62. Rh2 Kd7 63. Kd4 Rg3 64. Kc5 Rg5+ 65. Kb6 Rg6+ 66. Kb7 Kd6 67. Kb6 Kd5+ 68. Kb5 Kd4 69. c4 Rg5+ 70. Kb4 Rg1 71. Rd2+ Ke5 72. Kc5 Rb1 73. Re2+ Kf6 74. Kc6 Rd1 75. c5 Kf7 76. Kc7 Rd5 77. c6 Rd1 78. Kc8 Rh1 79. c7 Rd1 80. Re5 Rd2 81. Kb7 Rb2+ 82. Kc6 1-0

[Event "Reykjavik op"]
[Site "Reykjavik"]
[Date "2017.04.21"]
[Round "4"]
[White "Heidarsson, Arnar Milutin"]
[Black "Boron, Anthony"]
[Result "1-0"]
[WhiteElo "1391"]
[BlackElo "1865"]
[PlyCount "119"]
[EventDate "2017.04.19"]
[EventType "swiss"]
[EventRounds "10"]
[EventCountry "ISL"]
[SourceTitle "CBM 178 Extra"]
[Source "ChessBase"]
[SourceDate "2017.06.22"]
[SourceVersion "1"]
[SourceVersionDate "2017.06.22"]
[SourceQuality "1"]

1. d4 c5 2. e3 cxd4 3. exd4 d5 4. Bf4 Nf6 5. c3 Nc6 6. h3 e6 7. Nf3 Bd6 8. Bxd6 Qxd6 9. Bd3 a6 10. b4 Bd7 11. Nbd2 Nh5 12. 0-0 Nf4 13. Qc2 Nxd3 14. Qxd3 Ne7 15. a4 a5 16. b5 Ng6 17. g3 0-0 18. Kg2 Rac8 19. Rh1 e5 20. dxe5 Nxe5 21. Nxe5 Qxe5 22. Nf3 Qe4 23. Rhd1 Bf5 24. Qxe4 Bxe4 25. Ra3 Rc4 26. Re1 Rfc8 27. Re3 Bc2 28. Nd4 Bg6 29. Re7 R4c7 30. Re3 Kf8 31. Kf1 Re7 32. Ke2 Rce8 33. Rxe7 Rxe7+ 34. Kd2 h6 35. b6 Be4 36. Rb3 Bg2 37. Rb5 Rd7 38. h4 Bf1 39. Rxa5 Ba6 40. Rc5 g6 41. Nb5 Bxb5 42. Rxb5 Ke7 43. Kd3 Kd6 44. Kd4 Ke6 45. a5 Rd8 46. Rc5 Ra8 47. Rxd5 Rc8 48. c4 Ra8 49. Rc5 Rd8+ 50. Ke3 Ra8 51. Rc7 Rxa5 52. Rxb7 Ra3+ 53. Ke2 f5 54. Rc7 Rb3 55. c5 Kd5 56. b7 Ke4 57. c6 Rb2+ 58. Kd1 Kd3 59. Rd7+ Kc3 60. Rc7 1-0

[Event "Reykjavik op"]
[Site "Reykjavik"]
[Date "2017.04.20"]
[Round "2"]
[White "Njardarson, Daniel Ernir"]
[Black "Boron, Anthony"]
[Result "1-0"]
[WhiteElo "1378"]
[BlackElo "1865"]
[PlyCount "68"]
[EventDate "2017.04.19"]
[EventType "swiss"]
[EventRounds "10"]
[EventCountry "ISL"]
[SourceTitle "CBM 178 Extra"]
[Source "ChessBase"]
[SourceDate "2017.06.22"]
[SourceVersion "1"]
[SourceVersionDate "2017.06.22"]
[SourceQuality "1"]

1. d4 Nf6 2. c4 c5 3. d5 b5 4. cxb5 a6 5. bxa6 Bxa6 6. Nc3 g6 7. e4 Bxf1 8. Kxf1 d6 9. g3 Bg7 10. Nf3 Nfd7 11. Kg2 Na6 12. Re1 0-0 13. a4 Qc7 14. Nb5 Qb7 15. Bd2 Rfb8 16. Bc3 f6 17. Nd2 Nb6 18. b3 Nc7 19. Nxc7 Qxc7 20. Nb1 Qd7 21. Na3 Kf7 22. Nb5 Nc8 23. Rb1 h5 24. h4 Na7 25. Nxa7 Rxa7 26. a5 Rb5 27. b4 cxb4 28. Rxb4 Raxa5 29. Rxb5 Rxb5 30. Qa4 Rb7 31. Qxd7 Rxd7 32. Bd4 Rc7 33. Be3 Rc4 34. Bf4 Rc7 1-0

[Event "Albert Boxer Classic op"]
[Site "Winnipeg"]
[Date "2016.03.22"]
[Round "4"]
[White "Boron, Anthony"]
[Black "Wiebe, Isaac"]
[Result "1/2-1/2"]
[WhiteElo "1863"]
[BlackElo "2063"]
[PlyCount "134"]
[EventDate "2016.03.01"]
[EventType "swiss"]
[EventRounds "5"]
[EventCountry "CAN"]
[SourceTitle "EXT 2019"]
[Source "ChessBase"]
[SourceDate "2018.10.10"]
[SourceVersion "1"]
[SourceVersionDate "2018.10.10"]
[SourceQuality "1"]

1. c4 c5 2. g3 Nf6 3. Bg2 Nc6 4. Nc3 e6 5. e4 d5 6. exd5 Nb4 7. a3 Nd3+ 8. Kf1 Be7 9. Qe2 Nxc1 10. Rxc1 0-0 11. d3 Re8 12. Re1 exd5 13. Nxd5 Nxd5 14. Bxd5 Bf5 15. Qf3 Bg6 16. h4 h5 17. Nh3 Bd6 18. Kg2 Qf6 19. Ng5 Be5 20. Re2 Qxf3+ 21. Nxf3 Bf6 22. Rd2 Re7 23. Re1 Rae8 24. Rxe7 Rxe7 25. d4 cxd4 26. Nxd4 Be4+ 27. Nf3 Kf8 28. Bxe4 Rxe4 29. Rd7 Rxc4 30. Rxb7 a5 31. Rb5 a4 32. b3 axb3 33. Rxb3 Rc2 34. a4 Ra2 35. Rb4 Ke7 36. Ng5 Bxg5 37. hxg5 Ke6 38. Rf4 f6 39. gxf6 gxf6 40. Kh3 Ra1 41. Rb4 Rh1+ 42. Kg2 Ra1 43. Kf3 Ra2 44. Rf4 f5 45. Ke3 Rc2 46. Kd3 Rc5 47. Rh4 Rc1 48. Rxh5 Rf1 49. Ke2 Ra1 50. Rh4 Ke5 51. Rf4 Rc1 52. Kd2 Rc5 53. Rb4 Rc8 54. Rb5+ Ke4 55. a5 Rc4 56. a6 Ra4 57. f3+ Kxf3 58. Rxf5+ Kxg3 59. Rf6 Kg4 60. Kc3 Kg5 61. Kb3 Ra1 62. Rd6 Kf5 63. Kb4 Ke5 64. Rh6 Kd5 65. Kb5 Rb1+ 66. Ka5 Kc5 67. Rh5+ Kc6 1/2-1/2